000 00437nmm a2200157Ia 4500
008 251105s9999||||xx |||||||||||||||||und||
020 _a9789871984152
041 _aspa
100 _aMartín, Orlando
245 0 _aConstruir la pareja conyugal
264 _a[Buenos Aires, Argentina] :
_bEditorial Sb,
_c2015
300 _a211 páginas
650 _aFamily
856 _uhttps://public.digitaliapublishing.com/a/129323
942 _cCF
999 _c97352
_d97352